| 000 | 00619nam a2200193Ia 4500 | ||
|---|---|---|---|
| 008 | 140626s9999 xx 000 0 und d | ||
| 100 | _aWhite, Worawan. | ||
| 245 |
_aDo social support, stigma, and social problem-solving skills predict depressive symptoms in people living with HIV? a mediation analysis / _cWorawan White. |
||
| 260 | _cc2012. | ||
| 300 | _a26 : 3, page 182 | ||
| 440 | _aResearch and Theory for Nursing Practice | ||
| 521 | _aNUR | ||
| 650 | _aDepressive symptoms. | ||
| 650 | _aHIV. | ||
| 650 | _aSocial problem solving. | ||
| 650 | _aSocial support. | ||
| 650 | _aStigma. | ||
| 942 | _cSE | ||
| 999 |
_c121385 _d121385 |
||